UBT Library

The use of force : (Record no. 44217)

000 -LEADER
fixed length control field 00830cam a22002534a 4500
001 - CONTROL NUMBER
control field 13145127
005 - DATE AND TIME OF LATEST TRANSACTION
control field 20180306090615.0
008 - FIXED-LENGTH DATA ELEMENTS--GENERAL INFORMATION
fixed length control field 030402s2004 mdu b 001 0 eng
010 ## - LIBRARY OF CONGRESS CONTROL NUMBER
LC control number 2003046650
020 ## - INTERNATIONAL STANDARD BOOK NUMBER
International Standard Book Number 0742525562 (cloth : alk. paper)
020 ## - INTERNATIONAL STANDARD BOOK NUMBER
International Standard Book Number 0742525570 (pbk. : alk. paper)
040 ## - CATALOGING SOURCE
Original cataloging agency DLC
Transcribing agency DLC
Modifying agency DLC
041 ## - LANGUAGE CODE
Language code of text/sound track or separate title eng
042 ## - AUTHENTICATION CODE
Authentication code pcc
080 ## - UNIVERSAL DECIMAL CLASSIFICATION NUMBER
Universal Decimal Classification number 327.117 ART
082 00 - DEWEY DECIMAL CLASSIFICATION NUMBER
Classification number 327.117 ART
Edition number 21
100 ## - Rafti
Rafti 22
101 ## - Shkurtesa
Shkurtesa POL
245 04 - TITLE STATEMENT
Title The use of force :
Statement of responsibility, etc edited by Robert J. Art and Kenneth N. Waltz.
504 ## - BIBLIOGRAPHY, ETC. NOTE
Bibliography, etc Includes bibliographical references.
906 ## - LOCAL DATA ELEMENT F, LDF (RLIN)
a 7
b cbc
c orignew
d 1
e ocip
f 20
g y-gencatlg
942 ## - ADDED ENTRY ELEMENTS (KOHA)
Source of classification or shelving scheme
Item type Books
Holdings
Withdrawn status Lost status Source of classification or shelving scheme Damaged status Not for loan Collection code Permanent location Current location Shelving location Date acquired Total Checkouts Full call number Barcode Date last seen Price effective from Koha item type
          Koleksioni i përgjithshem UBT - Lipjan UBT - Lipjan Koleksioni i përgjithshem 03/06/2018   327.117 ART 002-3000989 03/06/2018 03/06/2018 Books
UBT Library © 2015-2024. All rights reserved University Education for Business and Technology